000 00504nam a22001937a 4500
003 MPLRDC
005 20220104142856.0
008 210129b ||||| |||| 00| 0 eng d
020 _a978-986-2290-68-2
082 _a229.384 SYFS
100 _a圣严法师
245 _a雪中足迹
_c释常悟 . 李青苑 译
250 _a初版
260 _a台湾
_b三采文化出版事业有限公司
_c2009
300 _b284
490 _aFOCUS. 05
650 _a佛教传记
942 _cBK
_o229.384 SYFS
999 _c34444
_d34434